00822nam a2200253 a 4500003000900000005001700009008004100026020001800067040001300085100002400098245006400122260004100186300001800227500007300245500007800318650001400396653001400410653002200424653002500446653002400471653002500495653002300520700002500543AR-BaBNM20251128210616.0082120s2002 ||||||||||||||000 | spa|| a950-99861-4-3 cAR-BaBNM1 aSosisky, Liliana H.00aPasantías laboralesbtexto-guía : modelos y formularios aBuenos AiresbOsmar D. Buyattic1993 a31 p.btablas aContiene el texto del decreto P.E.N. No 340/92 y su reglamentación aContiene circular No 6/92 de la Dirección Nacional de Gestion Educativa 4aREGISTROS aPASANTIAS aFORMACION LABORAL aEDUCACION SECUNDARIA aEDUCACION POLIMODAL aCAPACITACION LABORAL aMODELOS EDUCATIVOS1 aSeltzer, Juan Carlos